| 000 | 00614nam a2200181 a 4500 | ||
|---|---|---|---|
| 001 | 2612 | ||
| 005 | 20140414131951.0 | ||
| 008 | 050607s19uu xx 00 eng d | ||
| 020 | _a0-86530-240-5 | ||
| 050 |
_aTR 371.3 _bF776 1992 |
||
| 100 | _aForte, Imogene | ||
| 245 |
_aThe Cooperative learning guide & planning pak for primary grades : _cby Imogene Forte and Joy MacKenzie. _bthematic projects & activities / |
||
| 260 |
_aNashville, Tennesse : _bIncentive Publications, _c1992. |
||
| 300 | _a142 p. : ill. ; cm. | ||
| 440 | _aKid's Stuff | ||
| 650 | _aMethods of instructions and study. | ||
| 999 |
_c112780 _d112780 |
||